El gran libro de Android avanzado

Saved in:
Bibliografiske detaljer
Main Authors: Tomás, Jesús (Author), Bataller Mascarell, Jordi (Author)
Andre forfattere: Carbonell, Vicente (autor), Vogt, Carsten (autor), García Pineda, Miguel (autor), Ferri, Daniel (autor)
Format: Bog
Sprog:spansk
Udgivet: Cuernavaca Alfaomega 2013
Udgivelse:1a. ed
Fag:
Tags: Tilføj Tag
Ingen Tags, Vær først til at tagge denne postø!

MARC

LEADER 00000cam a2200000 a 4500
001 UCE5333
003 CL-VaPUC
008 141230e20130000mx |||||||||||||||||spa|d
020 |a 9786077078869 
082 0 4 |a 004.6  |b TOM  |2 21 
100 0 |a Tomás, Jesús  |e author  |9 577906 
700 |a Carbonell, Vicente  |e autor  |9 577907 
700 |a Vogt, Carsten  |e autor  |9 577908 
700 |a García Pineda, Miguel  |e autor  |9 577909 
700 0 |a Bataller Mascarell, Jordi  |e author  |9 577910 
700 |a Ferri, Daniel  |e autor  |9 577911 
245 1 3 |a El gran libro de Android avanzado 
250 |a 1a. ed 
300 |a 392 p 
942 |c BK 
945 |d 20141230 16:04:00  |a dcastane 
260 |a Cuernavaca  |b Alfaomega  |c 2013 
650 0 |a Internet   |9 254823 
650 0 |a Dispositivos móviles  |9 571814 
650 0 |a Servicios web  |9 571811 
650 0 |a Android  |9 571810 
583 |a last modification  |c 20141230 16:04:00  |k Rodrigo Vera 
999 |c 358080  |d 358078 
952 |0 0  |1 0  |3 erb  |4 0  |6 004_600000000000000_TOM_2013  |7 0  |8 A  |9 466368  |a BIBING  |b BIBING  |i 5132061  |o 004.6 TOM 2013  |p 5132061  |r 2024-01-25  |w 2019-11-23  |y BK  |z Catalogado en:20141230  |k CCI 
952 |0 0  |1 0  |3 erb  |4 0  |6 004_600000000000000_TOM_2013  |7 0  |8 A  |9 466369  |a BIBING  |b BIBING  |i 513207K  |o 004.6 TOM 2013  |p 513207K  |r 2024-01-25  |w 2019-11-23  |y BK  |z Catalogado en:20141230  |k CCI 
952 |0 0  |1 0  |3 erb  |4 0  |6 004_600000000000000_TOM_2013  |7 0  |8 A  |9 466370  |a BIBING  |b BIBING  |i 5132088  |o 004.6 TOM 2013  |p 5132088  |r 2024-01-25  |w 2019-11-23  |y BK  |z Catalogado en:20141230  |k CCI 
952 |0 0  |1 0  |3 erb  |4 0  |6 004_600000000000000_TOM_2013  |7 0  |8 A  |9 466371  |a BIBING  |b BIBING  |i 5132096  |o 004.6 TOM 2013  |p 5132096  |r 2024-01-25  |w 2019-11-23  |y BK  |z Catalogado en:20141230  |k CCI 
952 |0 0  |1 0  |3 erb  |4 0  |6 004_600000000000000_TOM_2013  |7 0  |8 A  |9 466372  |a BIBING  |b BIBING  |i 513210K  |o 004.6 TOM 2013  |p 513210K  |r 2024-01-25  |w 2019-11-23  |y BK  |z Catalogado en:20141230  |k CCI